Statistics for The top 15 richest countries in the world

Click here to take the quiz!

General Stats

  • This quiz has been taken 29 times
  • The average score is 10 of 15

Answer Stats

HintAnswer% Correct
10.United States
100%
2.Luxembourg
89%
6.Norway
86%
9.Switzerland
86%
15.Sweden
86%
3.Singapore
71%
7.United Arab Emirates
71%
13.Saudi Arabia
71%
8.Kuwait
64%
5.Ireland
61%
12.Netherlands
61%
14..Iceland
61%
11.San Marino
50%
4Brunei
46%
1.Qutar
0%

Score Distribution

Percentile by Number Answered

Percent of People with Each Score

Your Score History

You have not taken this quiz